24 poetas latinoamericanos /
Guardado en:
| Autor Principal: | |
|---|---|
| Formato: | Libro |
| Publicado: |
Buenos Aires :
Aique,
2014
|
| Series: | Juan Gelman
|
| Materias: | |
| Etiquetas: |
Agregar Etiqueta
Sin Etiquetas, Sea el primero en etiquetar este registro!
|
| LEADER | 01491nam a22002535a 4500 | ||
|---|---|---|---|
| 001 | CEM.cems014677 | ||
| 008 | 130507s2014##################000#0#####d | ||
| 005 | 20220208103004.0 | ||
| 003 | CEMS | ||
| 245 | 1 | 0 | |a 24 poetas latinoamericanos / |c Oliverio Girondo ... y Otros |
| 260 | |a Buenos Aires : |b Aique, |c 2014 | ||
| 300 | |a 256 p. | ||
| 490 | 0 | |a Juan Gelman | |
| 505 | 0 | |a Oliverio Girondo (Argentina ) -- Jorge Luis Borges (Argentina ) -- Carlos Dummond de Andrade (Brasil) -- Joao Cabral de Melo Neto (Brasil) -- Alvaro Mutis (Colombia) -- Isaac Felipe Azofeifa (Costa Rica) -- Nicolás Guillén (Cuba) -- José Lezama Lima (Cuba) -- Vicente Huidobro (Chile) -- Pablo Neruda (Chile) -- Nicanor Parra (Chile) -- Luis Cardoza y Aragón (Guatemala) -- Carlos Pellicer (México) -- Octavio Paz (México) -- Jaime Sabines (México) -- José Joaquín Pasos (Nicaragua) -- Ernesto Cardena (Nicaragua) -- César Vallejo (Perú) -- Javier Sologuren (Perú) -- Luis Palés Matos (Puerto Rico) -- Pedro Mir (República Dominicana) -- Mario Benedetti (Uruguay) -- Vicente Gerbasi (Venezuela) -- Eugenio Montejo (Venezuela) | |
| 020 | |a 9789870606260 | ||
| 100 | 1 | |a Girondo, Oliverio | |
| 082 | 0 | 4 | |a H861.4 |
| 653 | |a Literatura | ||
| 653 | |a Literatura latinoamericana | ||
| 653 | |a Poesía | ||
| 653 | |a Poesía latinoamericana | ||
| 653 | |a Colección Juan Gelman | ||
| 859 | |a CEMS |b BIB. CEMS - 11 de abril |h H861.4 |i G444 |p 27274.16 |t Ej.1 | ||
| 859 | |a CEMS |b BIB. CEMS - Agricultura |h A861.4 |i V536 |p A2240.15 |t Ej.1 | ||
